The Unesco Courier : Only one earth

Salvato in:
Dettagli Bibliografici
Ente Autore: Unesco
Natura: Libro
Lingua:Undetermined
Pubblicazione: New York H. W. Wilson Co. 1973
Soggetti:
Tags: Aggiungi Tag
Nessun Tag, puoi essere il primo ad aggiungerne! !
Thư viện lưu trữ: Trung tâm Học liệu Trường Đại học Cần Thơ
LEADER 00468nam a2200181Ia 4500
001 CTU_78631
008 210402s9999 xx 000 0 und d
082 |a 363.7 
082 |b U56 
110 |a Unesco 
245 4 |a The Unesco Courier : 
245 0 |b Only one earth 
245 0 |c Unesco 
260 |a New York 
260 |b H. W. Wilson Co. 
260 |c 1973 
650 |a Environment policy,Human ecology 
980 |a Trung tâm Học liệu Trường Đại học Cần Thơ